MAASAI MARA UNIVERSITY

LIBRARY CATALOGUE

Contact Us: +254 020 2685356/7 or 0774 057787

Box: 861-20500, NAROK, KENYA

Email: info@mmarau.ac.ke

Pathophysiology : (Record no. 20278)

MARC details
000 -LEADER
fixed length control field 00862cam a22002654a 4500
001 - CONTROL NUMBER
control field 16467453
003 - CONTROL NUMBER IDENTIFIER
control field OSt
005 - DATE AND TIME OF LATEST TRANSACTION
control field 20210209152939.0
008 - FIXED-LENGTH DATA ELEMENTS--GENERAL INFORMATION
fixed length control field 100920s2006 moua b 001 0 eng
010 ## - LIBRARY OF CONGRESS CONTROL NUMBER
LC control number 2010483810
020 ## - INTERNATIONAL STANDARD BOOK NUMBER
International Standard Book Number 9780323035071
020 ## - INTERNATIONAL STANDARD BOOK NUMBER
International Standard Book Number 0323035078
040 ## - CATALOGING SOURCE
Original cataloging agency MMU
Transcribing agency MMU
Modifying agency MMU
Language of cataloging eng
050 00 - LIBRARY OF CONGRESS CALL NUMBER
Classification number RB113
Item number .M35 2006
245 00 - TITLE STATEMENT
Title Pathophysiology :
Remainder of title the biologic basis for disease in adults and children /
Statement of responsibility, etc. [edited by] Kathryn L. McCance, Sue E. Huether.
250 ## - EDITION STATEMENT
Edition statement 5th ed.
260 ## - PUBLICATION, DISTRIBUTION, ETC. (IMPRINT)
Place of publication, distribution, etc. St. Louis, Mo. :
Name of publisher, distributor, etc. Elsevier/Mosby,
Date of publication, distribution, etc. c2006.
300 ## - PHYSICAL DESCRIPTION
Extent xxiv, 1780 p. :
Other physical details ill. (some col.) ;
Dimensions 29 cm.+
Accompanying material 1 CD-ROM (4 3/4 in.)
500 ## - GENERAL NOTE
General note Includes bibliographical references and index.
650 #0 - SUBJECT ADDED ENTRY--TOPICAL TERM
Topical term or geographic name as entry element Physiology, Pathological.
650 #0 - SUBJECT ADDED ENTRY--TOPICAL TERM
Topical term or geographic name as entry element Nursing.
700 1# - ADDED ENTRY--PERSONAL NAME
Personal name McCance, Kathryn L.
700 1# - ADDED ENTRY--PERSONAL NAME
Personal name Huether, Sue E.
942 ## - ADDED ENTRY ELEMENTS (KOHA)
Source of classification or shelving scheme Library of Congress Classification
Koha item type L
Holdings
Withdrawn status Lost status Source of classification or shelving scheme Damaged status Not for loan Home library Current library Date acquired Source of acquisition Total Checkouts Full call number Barcode Date last seen Date last checked out Price effective from Koha item type
    Library of Congress Classification     Maasai Mara University Library -Main Campus Maasai Mara University Library -Main Campus 12/13/2016 Donation -T4C 2 RB113.M35 2006 16019041 12/14/2022 11/28/2022 12/13/2016 L
© 2016 Maasai Mara University.